[Event "World Blitz Women 2025"]
[Site "Doha QAT"]
[Date "2025.12.30"]
[Round "14.13"]
[White "Iudina, Veronika"]
[Black "Muzychuk, Mariya"]
[Result "1/2-1/2"]
[WhiteTitle "WFM"]
[BlackTitle "GM"]
[WhiteElo "2204"]
[BlackElo "2475"]
[WhiteFideId "24277916"]
[BlackFideId "14114550"]
[EventDate "2025.12.29"]

1. e4 c5 2. c3 Nf6 3. e5 Nd5 4. Bc4 Nb6 5. Bb3 c4 6. Bc2 Nc6 7. Nf3 d5 8. exd6
Qxd6 9. O-O Bg4 10. Re1 Ne5 11. Rxe5 Bxf3 12. Qe1 Bc6 13. b3 e6 14. Ba3 Qd7 15.
Bxf8 Kxf8 16. Na3 Rd8 17. Rd1 cxb3 18. axb3 Qd6 19. b4 g6 20. d4 Kg7 21. Bb3 Nd7
22. Nc4 Qc7 23. Re3 Bd5 24. Na5 Bxb3 25. Nxb3 Nf6 26. Nc5 b6 27. Ne4 Nxe4 28.
Rxe4 Rc8 29. Rd3 a5 30. bxa5 bxa5 31. h4 h5 32. Qa1 Qc4 33. Rf3 a4 34. Qa3 Rc7
35. Ref4 Rb8 36. d5 Qxd5 37. Qxa4 Rb1+ 38. Kh2 Rc1 39. Qe8 e5 40. Rb4 Rc4 41.
Rxf7+ Qxf7 42. Qxf7+ Kxf7 43. Rxc4 Ke6 44. Rc6+ Kf5 45. Kg3 Rc2 46. f3 Rd2 47.
c4 Rd3 48. Kh2 Rc3 49. c5 Rc4 50. Kg3 Rc3 51. Rc8 e4 52. Rf8+ Ke6 53. Re8+ Kf7
54. Rxe4 Rxc5 55. Kf4 Rf5+ 56. Ke3 Ra5 57. g4 hxg4 58. fxg4 Ra1 59. Kf4 Kf6 60.
g5+ Kf7 61. Rb4 Rf1+ 62. Kg3 Rg1+ 63. Kf2 Ra1 64. Rb7+ Ke6 65. Rb6+ Kf7 66. Rf6+
Kg7 67. Kg2 Ra3 68. Rf3 1/2-1/2

[Event "World Blitz Women 2025"]
[Site "Doha QAT"]
[Date "2025.12.30"]
[Round "14.14"]
[White "Arabidze, Meri"]
[Black "Tarasenka, Aliaksandra"]
[Result "1-0"]
[WhiteTitle "IM"]
[BlackTitle "WIM"]
[WhiteElo "2413"]
[BlackElo "2266"]
[WhiteFideId "13604040"]
[BlackFideId "13514288"]
[EventDate "2025.12.29"]

1. c4 e5 2. g3 c6 3. d4 e4 4. a3 d5 5. Nc3 Be7 6. f3 exf3 7. Nxf3 Nf6 8. Bg2 O-O
9. O-O h6 10. Bf4 dxc4 11. e4 b5 12. d5 cxd5 13. exd5 Qb6+ 14. Kh1 Rd8 15. Nd4
Bb7 16. Nf5 Bf8 17. Qd2 Nbd7 18. Rad1 Nc5 19. Be3 a6 20. Bd4 Ne8 21. Qf4 Qc7 22.
Be5 Qd7 23. Bh3 Kh7 24. Qh4 Nf6 25. Bxf6 gxf6 26. Nxh6 Qc7 27. Ng4+ Kg7 28.
Qxf6+ Kg8 29. Qg5+ Kh8 30. Qh5+ Kg7 31. Qh6+ 1-0

[Event "World Blitz Women 2025"]
[Site "Doha QAT"]
[Date "2025.12.30"]
[Round "14.15"]
[White "Francisco Guecamburu, Candela Be"]
[Black "Khafizova, Diana"]
[Result "0-1"]
[WhiteTitle "WGM"]
[BlackTitle "WFM"]
[WhiteElo "2238"]
[BlackElo "2234"]
[WhiteFideId "160911"]
[BlackFideId "34378049"]
[EventDate "2025.12.29"]

1. e4 e5 2. Nf3 Nf6 3. Nc3 Nc6 4. Bb5 Bb4 5. O-O O-O 6. Bxc6 dxc6 7. d3 Re8 8.
Ne2 Bf8 9. h3 a5 10. a4 b5 11. b3 Nd7 12. Bd2 b4 13. Be3 f6 14. Nd2 Ba6 15. f4
Bd6 16. Qe1 Qe7 17. Qf2 Rad8 18. Kh1 Nf8 19. f5 Nd7 20. g4 Bc5 21. Rg1 Kh8 22.
Nf3 Bxe3 23. Qxe3 Nc5 24. Rad1 Rd7 25. g5 Red8 26. Rdf1 Nxd3 27. cxd3 Rxd3 28.
Qf2 Rxb3 29. Ng3 Bxf1 30. gxf6 gxf6 31. Nxf1 Rbd3 32. Rg3 c5 33. Qg2 c4 34. Qe2
b3 35. Nh4 Rxg3 36. Nxg3 c3 37. Qh5 Qg7 38. Ne2 c2 39. Kh2 b2 40. Ng6+ Kg8 41.
Qf3 b1=Q 42. Nc3 Qb2 43. Nd5 c1=Q+ 44. Kg3 Qg1+ 45. Kh4 Qh6+ 46. Qh5 Qbf2# 0-1

[Event "World Blitz Women 2025"]
[Site "Doha QAT"]
[Date "2025.12.30"]
[Round "14.16"]
[White "Bulmaga, Irina"]
[Black "Nurgaliyeva, Zarina"]
[Result "1-0"]
[WhiteTitle "IM"]
[BlackTitle "WIM"]
[WhiteElo "2389"]
[BlackElo "2305"]
[WhiteFideId "13903063"]
[BlackFideId "13730096"]
[EventDate "2025.12.29"]

1. e4 e5 2. Nf3 Nc6 3. d4 exd4 4. Nxd4 Nf6 5. Nxc6 bxc6 6. Bd3 d5 7. exd5 cxd5
8. O-O Be7 9. c4 d4 10. Nd2 O-O 11. Ne4 Bb7 12. Nxf6+ Bxf6 13. b4 Re8 14. Bf4
Qd7 15. h3 g6 16. Qg4 Qc6 17. b5 Qb6 18. a4 Be5 19. Bxe5 Rxe5 20. Rfe1 Rae8 21.
Rxe5 Rxe5 22. a5 Qc5 23. h4 a6 24. Rb1 Qe7 25. Qxd4 axb5 26. cxb5 Rd5 27. Qc3
Qxh4 28. Re1 Rd8 29. a6 Ba8 30. Bf1 Qf4 31. Qg3 Qb4 32. Qxc7 Rf8 33. Qe7 Qb2 34.
Qe5 Qb4 35. Qe7 Qb2 36. Rd1 Kg7 37. Rd8 Rxd8 38. Qxd8 Be4 39. b6 h5 40. Qd6 h4
41. b7 Bxb7 42. axb7 Qxb7 43. Qd4+ f6 44. Qxh4 Qb1 45. Qg3 g5 46. Qd3 Qc1 47.
Qd7+ Kh6 48. Qd3 Qc6 1-0

[Event "World Blitz Women 2025"]
[Site "Doha QAT"]
[Date "2025.12.30"]
[Round "14.17"]
[White "Ju, Wenjun"]
[Black "Buksa, Nataliya"]
[Result "1-0"]
[WhiteTitle "GM"]
[BlackTitle "IM"]
[WhiteElo "2565"]
[BlackElo "2397"]
[WhiteFideId "8603006"]
[BlackFideId "14123622"]
[EventDate "2025.12.29"]

1. Nf3 d5 2. g3 Nf6 3. Bg2 e6 4. O-O Bd6 5. d4 O-O 6. c4 Nc6 7. Nbd2 a5 8. b3 b6
9. Bb2 Bb7 10. Rc1 Qe7 11. Ne5 Nb4 12. a3 Na6 13. a4 c5 14. e3 Nb4 15. Qe2 Rac8
16. Rfd1 Rfd8 17. h3 h6 18. Nb1 Bb8 19. Nc3 dxc4 20. bxc4 Bxg2 21. Kxg2 Qb7+ 22.
Kg1 Nd7 23. Nb5 Nxe5 24. dxe5 Qe4 25. Nd6 Bxd6 26. Rxd6 Nc6 27. Rcd1 Rf8 28. f3
Qf5 29. g4 Qg5 30. f4 Qh4 31. Kh2 Rc7 32. R1d2 Re8 33. Qf3 Ne7 34. Rxb6 Qe1 35.
Rd1 Qh4 36. Bc3 Rcc8 37. Be1 Ng6 38. Bxh4 Nxh4 39. Qf2 Ng6 40. Rb5 Ne7 41. Rxa5
Rb8 42. Rb5 Ra8 43. a5 Nc6 44. Ra1 Nb4 45. Rxb4 cxb4 46. Qb2 Reb8 47. a6 Ra7 48.
c5 b3 49. Ra3 1-0

[Event "World Blitz Women 2025"]
[Site "Doha QAT"]
[Date "2025.12.30"]
[Round "14.18"]
[White "Koneru, Humpy"]
[Black "Berend, Elvira"]
[Result "1-0"]
[WhiteTitle "GM"]
[BlackTitle "WGM"]
[WhiteElo "2535"]
[BlackElo "2265"]
[WhiteFideId "5008123"]
[BlackFideId "4000510"]
[EventDate "2025.12.29"]

1. Nf3 Nf6 2. c4 e6 3. b3 d5 4. Bb2 Be7 5. g3 b6 6. Bg2 O-O 7. O-O Bb7 8. cxd5
Bxd5 9. Nc3 Bb7 10. d4 c5 11. Rc1 Nbd7 12. dxc5 Nxc5 13. Qc2 Rc8 14. Rfd1 Qe8
15. Qb1 a6 16. b4 Na4 17. Nxa4 Qxa4 18. Ng5 Rxc1 19. Rxc1 Rb8 20. Bxf6 1-0

[Event "World Blitz Women 2025"]
[Site "Doha QAT"]
[Date "2025.12.30"]
[Round "14.19"]
[White "Kosteniuk, Alexandra"]
[Black "Jiang, Tianyu"]
[Result "1-0"]
[WhiteTitle "GM"]
[WhiteElo "2483"]
[BlackElo "2224"]
[WhiteFideId "4128125"]
[BlackFideId "8627215"]
[EventDate "2025.12.29"]

1. e4 c5 2. d4 cxd4 3. Qxd4 Nc6 4. Qd3 g6 5. Nc3 Bg7 6. Nf3 d6 7. Be2 Nf6 8. Nd5
O-O 9. O-O Re8 10. c3 Be6 11. Bg5 h6 12. Bxf6 exf6 13. Rad1 f5 14. Rfe1 Qa5 15.
exf5 Bxf5 16. Qb5 Qxb5 17. Bxb5 Rxe1+ 18. Rxe1 Kf8 19. h3 Re8 20. Ne3 Be6 21. a3
Rd8 22. Rd1 Bb3 23. Rd2 a6 24. Bxc6 bxc6 25. Nd4 Bxd4 26. Rxd4 c5 27. Rd2 Ke7
28. c4 Ba4 29. Nd5+ Kf8 30. Nc3 Bb3 31. Ne4 Bxc4 32. Nxc5 Rc8 33. Na4 d5 34. Nb6
Rb8 35. Nd7+ 1-0

[Event "World Blitz Women 2025"]
[Site "Doha QAT"]
[Date "2025.12.30"]
[Round "14.20"]
[White "Dronavalli, Harika"]
[Black "Tokhirjonova, Gulrukhbegim"]
[Result "1-0"]
[WhiteTitle "GM"]
[BlackTitle "IM"]
[WhiteElo "2466"]
[BlackElo "2372"]
[WhiteFideId "5015197"]
[BlackFideId "14203626"]
[EventDate "2025.12.29"]

1. Nf3 d5 2. g3 g6 3. Bg2 Bg7 4. O-O e5 5. d3 Ne7 6. e4 d4 7. a4 c5 8. Nbd2 Nbc6
9. Nc4 b6 10. Bd2 O-O 11. c3 Be6 12. cxd4 Bxc4 13. dxc4 exd4 14. Ne1 Qd7 15. Nd3
Rad8 16. f4 a5 17. Qb3 Nb4 18. Bxb4 axb4 19. a5 Qc7 20. axb6 Qxb6 21. Qa4 Rb8
22. Qa5 Rfc8 23. Qxb6 Rxb6 24. b3 Bf8 25. Ra5 Nc6 26. Ra4 Nb8 27. Rfa1 Nd7 28.
Bh3 Rd8 29. Bxd7 Rxd7 30. Kf2 Kg7 31. Kf3 h5 32. Ra7 Rxa7 33. Rxa7 Bd6 34. e5
Bf8 35. Ke4 g5 36. f5 h4 37. e6 hxg3 38. hxg3 Kg8 39. e7 Bxe7 40. Rxe7 Ra6 41.
Nxc5 1-0

[Event "World Blitz Women 2025"]
[Site "Doha QAT"]
[Date "2025.12.30"]
[Round "14.21"]
[White "Danielian, Elina"]
[Black "Nguyen Hong Nhung"]
[Result "1-0"]
[WhiteTitle "GM"]
[BlackTitle "FM"]
[WhiteElo "2408"]
[BlackElo "2268"]
[WhiteFideId "13300210"]
[BlackFideId "12412201"]
[EventDate "2025.12.29"]

1. d4 f5 2. g3 Nf6 3. Bg2 d6 4. Nc3 c6 5. e4 g6 6. exf5 Bxf5 7. Nf3 Bg7 8. O-O
O-O 9. h3 Bd7 10. Bg5 Na6 11. Qd2 Nc7 12. Rfe1 Re8 13. Re2 Qc8 14. Kh2 b5 15. a3
a5 16. Rae1 b4 17. axb4 axb4 18. Ne4 Nfd5 19. c4 bxc3 20. bxc3 Qa6 21. Bh6 Bh8
22. Neg5 Qc4 23. Bf1 Qb3 24. c4 Nf6 25. Rxe7 Ra2 26. Rxe8+ Bxe8 27. Qf4 Rxf2+
28. Kg1 Ra2 29. Qxd6 Bg7 30. Bxg7 Kxg7 31. Qxc7+ Kh6 32. Qf4 Nh5 33. Qe3 Qc2 34.
Ne6+ g5 35. Qxg5# 1-0

[Event "World Blitz Women 2025"]
[Site "Doha QAT"]
[Date "2025.12.30"]
[Round "14.22"]
[White "Maltsevskaya, Aleksandra"]
[Black "Vo, Thi Kim Phung"]
[Result "1-0"]
[WhiteTitle "IM"]
[BlackTitle "WGM"]
[WhiteElo "2398"]
[BlackElo "2322"]
[WhiteFideId "24174041"]
[BlackFideId "12401838"]
[EventDate "2025.12.29"]

1. Nf3 Nf6 2. d4 e6 3. g3 d5 4. Bg2 Be7 5. O-O O-O 6. b3 c6 7. c4 b6 8. Nc3 Ba6
9. Ne5 Nfd7 10. cxd5 Nxe5 11. dxe6 Ng6 12. exf7+ Rxf7 13. Bb2 Bf8 14. Rc1 Bb7
15. e4 Rd7 16. Ne2 Na6 17. f4 Qe8 18. f5 Ne5 19. Nf4 c5 20. d5 Bd6 21. f6 Rf7
22. fxg7 Bc8 23. Qh5 Bd7 24. Qh6 Qe7 25. Nh5 Ng4 26. Rxf7 Nxh6 27. Rxe7 Bxe7 28.
Rf1 Re8 29. e5 Bg4 30. Nf6+ Bxf6 31. Rxf6 Nf7 32. e6 Nd6 33. Be5 Nc8 34. h3 Bh5
35. d6 Nxd6 36. Bxd6 Kxg7 37. Be5 Kg8 38. Bc6 Rd8 39. e7 Rc8 40. Bd5+ Kg7 41.
Rf8+ Kg6 42. Rxc8 Kf5 43. g4+ Kxe5 44. gxh5 Kd4 1-0

[Event "World Blitz Women 2025"]
[Site "Doha QAT"]
[Date "2025.12.30"]
[Round "14.23"]
[White "Padmini, Rout"]
[Black "Kamalidenova, Meruert"]
[Result "0-1"]
[WhiteTitle "IM"]
[BlackTitle "IM"]
[WhiteElo "2354"]
[BlackElo "2366"]
[WhiteFideId "5029295"]
[BlackFideId "13712802"]
[EventDate "2025.12.29"]

1. Nf3 Nf6 2. g3 b6 3. Bg2 Bb7 4. O-O g6 5. d4 Bg7 6. c4 O-O 7. Nc3 Ne4 8. Bd2
Nxc3 9. Bxc3 d5 10. Ne5 e6 11. Rc1 a5 12. Qc2 Nd7 13. Rfd1 Rc8 14. e4 c6 15. f4
Qe7 16. Qb3 dxc4 17. Nxc4 a4 18. Qc2 b5 19. Na5 Ba8 20. a3 c5 21. dxc5 Bxc3 22.
Qxc3 Nxc5 23. b4 Nxe4 24. Qe3 Nf6 25. Rxc8 Rxc8 26. Bxa8 Rxa8 27. Qb6 Rc8 28.
Nc6 Qe8 29. Ne5 Nd5 30. Qb7 Rc7 31. Qa6 Rc2 32. Qd6 Qc8 33. Nd7 Rc7 34. Nc5 Rc6
35. Qe5 Rxc5 36. bxc5 Qxc5+ 37. Kh1 Qxa3 38. Qb8+ Kg7 39. Qe5+ Kg8 40. Qb8+ Qf8
41. Qxb5 Ne3 42. Rd2 a3 43. Qa4 Nd5 44. Ra2 Nc3 45. Qxa3 Nxa2 46. Qxa2 Qc5 47.
Kg2 Qd5+ 48. Qxd5 exd5 49. Kf3 Kf8 50. Ke3 Ke7 51. Kd4 Kd6 52. g4 f6 53. h4 Ke6
54. Kc5 h5 55. f5+ gxf5 56. gxh5 f4 57. Kd4 Kf7 58. Kd3 Kg7 59. Ke2 d4 0-1

[Event "World Blitz Women 2025"]
[Site "Doha QAT"]
[Date "2025.12.30"]
[Round "14.24"]
[White "Gaal, Zsoka"]
[Black "Mammadzada, Gunay"]
[Result "0-1"]
[WhiteTitle "IM"]
[BlackTitle "IM"]
[WhiteElo "2374"]
[BlackElo "2390"]
[WhiteFideId "777765"]
[BlackFideId "13403729"]
[EventDate "2025.12.29"]

1. d4 Nf6 2. c4 e6 3. Nc3 Bb4 4. Nf3 d5 5. Qa4+ Nc6 6. e3 O-O 7. Bd2 Re8 8. Bd3
Bd7 9. Qc2 Bd6 10. a3 h6 11. O-O dxc4 12. Bxc4 e5 13. dxe5 Nxe5 14. Nxe5 Bxe5
15. h3 Bc6 16. Rad1 Qe7 17. Ne2 Ne4 18. Bb4 Bd6 19. Nd4 Bd7 20. Bxd6 Nxd6 21.
Bd3 Rac8 22. Qb3 c5 23. Bb1 cxd4 24. Rxd4 Bf5 25. Ba2 Be6 26. Qd1 Bxa2 27. Rxd6
Bc4 28. Re1 Rcd8 29. Rd4 Bb5 30. Qd2 Bc6 31. Rd1 Qg5 32. f4 Rxd4 33. exd4 Qd5
34. Qf2 Re4 35. f5 Rf4 36. Qg3 Rxf5 37. Re1 Rg5 38. Qb8+ Kh7 0-1

[Event "World Blitz Women 2025"]
[Site "Doha QAT"]
[Date "2025.12.30"]
[Round "14.25"]
[White "Khademalsharieh, Sarasadat"]
[Black "Pham, Le Thao Nguyen"]
[Result "1-0"]
[WhiteTitle "IM"]
[BlackTitle "IM"]
[WhiteElo "2414"]
[BlackElo "2348"]
[WhiteFideId "12512214"]
[BlackFideId "12401226"]
[EventDate "2025.12.29"]

1. d4 Nf6 2. Nf3 d5 3. g3 c6 4. Bg2 Bf5 5. c4 e6 6. Nc3 Nbd7 7. Nh4 Bg4 8. h3
Bh5 9. g4 Bg6 10. Nxg6 hxg6 11. Qb3 Qb6 12. Bf4 Be7 13. c5 Qxb3 14. axb3 a6 15.
b4 Rc8 16. Kd2 Bd8 17. e3 Bc7 18. Bxc7 Rxc7 19. b5 Ke7 20. bxa6 bxa6 21. Rxa6
Rb8 22. Rb1 e5 23. b4 exd4 24. exd4 Nf8 25. b5 Ne6 26. Rb4 Nf4 27. Bf1 g5 28. b6
Rd7 29. Rba4 Rdd8 30. Ra7+ Nd7 31. Ne2 Nxe2 32. Bxe2 g6 33. Rc7 Ra8 34. Rxa8
Rxa8 35. Rxc6 Ra2+ 36. Ke1 Rb2 37. Bf3 Nb8 38. Rc7+ Ke6 39. Be2 Rb1+ 40. Kd2
Rb2+ 41. Ke3 Rb3+ 42. Bd3 f5 43. gxf5+ gxf5 44. Kd2 Ra3 45. Rh7 1-0

[Event "World Blitz Women 2025"]
[Site "Doha QAT"]
[Date "2025.12.30"]
[Round "14.26"]
[White "Luong Phuong Hanh"]
[Black "Kulon, Klaudia"]
[Result "1-0"]
[WhiteTitle "WIM"]
[BlackTitle "IM"]
[WhiteElo "2236"]
[BlackElo "2335"]
[WhiteFideId "12401013"]
[BlackFideId "1131044"]
[EventDate "2025.12.29"]

1. d4 Nf6 2. Nf3 g6 3. g3 Bg7 4. Bg2 O-O 5. O-O d6 6. a4 Nbd7 7. a5 a6 8. Nc3 e5
9. e4 exd4 10. Nxd4 Re8 11. h3 Nc5 12. Re1 h6 13. Bf4 Ne6 14. Be3 Nc5 15. Bf4
Kh7 16. Qd2 g5 17. Be3 Nfxe4 18. Nxe4 Nxe4 19. Qd3 f5 20. c3 Kh8 21. Rad1 Bd7
22. b4 c5 23. Ne2 Ba4 24. Ra1 Bb5 25. c4 Bd7 26. bxc5 dxc5 27. Rad1 Bc6 28. Qc2
Qxa5 29. h4 Rad8 30. hxg5 hxg5 31. Rb1 Kg8 32. Qc1 Bf6 33. Bxe4 Bxe4 34. Bxg5
Rd6 35. Bxf6 Rxf6 36. Qg5+ Kf7 37. Qh5+ Ke7 38. Rbd1 Rd8 39. Qh7+ Rf7 40. Qh4+
Rf6 41. Nf4 Qb6 42. Rxd8 Qxd8 43. Nd5+ Kd7 44. Nxf6+ Kc6 45. Nxe4 1-0

[Event "World Blitz Women 2025"]
[Site "Doha QAT"]
[Date "2025.12.30"]
[Round "14.27"]
[White "Wang, Chuqiao"]
[Black "Nomin-Erdene, Davaademberel"]
[Result "0-1"]
[WhiteTitle "WIM"]
[BlackTitle "IM"]
[WhiteElo "2235"]
[BlackElo "2312"]
[WhiteFideId "8631638"]
[BlackFideId "4900782"]
[EventDate "2025.12.29"]

1. d4 f5 2. c4 Nf6 3. Nf3 g6 4. Nc3 Bg7 5. g3 d6 6. Bg2 O-O 7. O-O c6 8. b3 Na6
9. Bb2 Qe8 10. d5 Nc5 11. Nd4 Bd7 12. Rc1 Rd8 13. b4 Nce4 14. Nxe4 Nxe4 15. Qd3
c5 16. Ne6 Bxb2 17. Nxf8 Qxf8 18. Rb1 Qg7 19. Qc2 Be5 20. Bxe4 fxe4 21. bxc5
dxc5 22. Rxb7 Bf5 23. e3 Qf6 24. Rfb1 Bh3 25. Qe2 Ra8 26. R7b5 Bd6 27. a4 a5 28.
Rb6 Bd7 29. Qd1 Qc3 30. Rb7 Bh3 31. Rc1 Qf6 32. Qe2 Bc8 33. Rb6 Bd7 34. Qd1 Rf8
35. Qe1 Bxa4 36. Qe2 Bd7 37. Ra6 a4 38. Rb1 h5 39. Ra7 Bg4 40. Qe1 Qf3 41. Qf1
h4 42. Rxa4 hxg3 43. hxg3 Bxg3 44. Qg2 Bxf2+ 45. Kh2 Qf5 0-1

[Event "World Blitz Women 2025"]
[Site "Doha QAT"]
[Date "2025.12.30"]
[Round "14.28"]
[White "Mkrtchian, Lilit"]
[Black "Mammadova, Gulnar"]
[Result "0-1"]
[WhiteTitle "IM"]
[BlackTitle "IM"]
[WhiteElo "2366"]
[BlackElo "2330"]
[WhiteFideId "13300601"]
[BlackFideId "13403508"]
[EventDate "2025.12.29"]

1. Nf3 g6 2. g3 Bg7 3. Bg2 e5 4. d3 d5 5. O-O Ne7 6. Nc3 d4 7. Nb1 O-O 8. e3 c5
9. exd4 exd4 10. Nbd2 Nd5 11. Nc4 h6 12. Re1 Be6 13. Nfd2 Nc6 14. Ne4 b5 15. Na3
Qb6 16. Bd2 Rad8 17. Qf3 Ne5 18. Qe2 f5 19. Nxc5 Qxc5 20. f4 Ne3 21. Bxe3 dxe3
22. fxe5 b4 23. Nc4 Bxc4 24. dxc4 Bxe5 25. Bd5+ Kh7 26. Rab1 f4 27. gxf4 Rxf4
28. Rf1 Rdf8 29. Kh1 Rf2 30. Qd3 Rxh2+ 31. Kg1 e2+ 0-1

[Event "World Blitz Women 2025"]
[Site "Doha QAT"]
[Date "2025.12.30"]
[Round "14.29"]
[White "Yu, Jennifer"]
[Black "Kurmangaliyeva, Liya"]
[Result "1/2-1/2"]
[WhiteTitle "FM"]
[BlackTitle "FM"]
[WhiteElo "2276"]
[BlackElo "2339"]
[WhiteFideId "2078341"]
[BlackFideId "13725831"]
[EventDate "2025.12.29"]

1. c4 e5 2. Nc3 Nf6 3. g3 d5 4. cxd5 Nxd5 5. Bg2 Nf6 6. d3 Nc6 7. Nf3 Bd6 8. O-O
O-O 9. b3 Re8 10. Bb2 h6 11. Rc1 Be6 12. Nd2 Bf8 13. Nce4 Bd5 14. Nxf6+ gxf6 15.
Ne4 Bg7 16. g4 Ne7 17. f4 f5 18. gxf5 Nxf5 19. Qd2 Nh4 20. Bh1 Qd7 21. Qe1 Ng6
22. fxe5 Nxe5 23. Qg3 Bxe4 24. Bxe4 c6 25. Kh1 Ng4 26. Bxg7 1/2-1/2

[Event "World Blitz Women 2025"]
[Site "Doha QAT"]
[Date "2025.12.30"]
[Round "14.30"]
[White "Batsiashvili, Nino"]
[Black "Zhapova, Yana"]
[Result "0-1"]
[WhiteTitle "GM"]
[BlackTitle "FM"]
[WhiteElo "2462"]
[BlackElo "2260"]
[WhiteFideId "13602993"]
[BlackFideId "24278670"]
[EventDate "2025.12.29"]

1. d4 Nf6 2. c4 e6 3. Nc3 Bb4 4. Nf3 d5 5. Bg5 h6 6. Bxf6 Qxf6 7. Qa4+ Nc6 8. e3
O-O 9. Rc1 Bd7 10. cxd5 exd5 11. Qb3 Rfd8 12. Be2 Be6 13. a3 Bxc3+ 14. Qxc3 Rac8
15. O-O Ne7 16. b4 c6 17. Ne5 Nf5 18. Qb2 Nd6 19. b5 cxb5 20. Bxb5 a6 21. Be2 b5
22. Qb4 Nc4 23. Bxc4 dxc4 24. a4 Qg5 25. Rc3 Bd5 26. f3 f6 27. Ng4 h5 28. Nf2
Bxf3 29. g3 h4 30. Nh3 Qg4 31. Kf2 Qxh3 32. Rg1 Bd5 33. axb5 axb5 34. gxh4 Qxh2+
35. Kf1 Qh3+ 36. Kf2 Qxh4+ 37. Kf1 Ra8 38. Qb2 Qh3+ 39. Ke1 b4 40. Rc1 Qxe3+ 41.
Kf1 Qf3+ 42. Ke1 Re8+ 43. Kd2 Re2+ 44. Kd1 Rxb2+ 0-1

[Event "World Blitz Women 2025"]
[Site "Doha QAT"]
[Date "2025.12.30"]
[Round "14.31"]
[White "Kaliakhmet, Elnaz"]
[Black "Khamdamova, Afruza"]
[Result "0-1"]
[WhiteTitle "WIM"]
[BlackTitle "WGM"]
[WhiteElo "2329"]
[BlackElo "2403"]
[WhiteFideId "13730169"]
[BlackFideId "14210444"]
[EventDate "2025.12.29"]

1. d4 d5 2. c4 e6 3. Nf3 Nf6 4. Nc3 Be7 5. g3 dxc4 6. Bg2 O-O 7. Ne5 c5 8. dxc5
Qxd1+ 9. Nxd1 Bxc5 10. O-O Nc6 11. Nxc6 bxc6 12. Be3 Bb6 13. Bxb6 axb6 14. Bxc6
Ra5 15. Ne3 Ba6 16. Rfd1 Rc8 17. Rd6 Kf8 18. Bf3 Rb8 19. a3 Rc5 20. Rc1 Ke7 21.
Rd4 Rbc8 22. Rcd1 Bb5 23. Rd6 Rb8 24. R6d4 Ba4 25. Rc1 b5 26. Nd1 Bxd1 27. Rcxd1
b4 28. axb4 Rxb4 29. R4d2 Rcb5 30. Rc1 Rb6 31. Rdc2 Nd7 32. Rxc4 Rxc4 33. Rxc4
Rxb2 34. Rc7 Kd6 35. Ra7 Rc2 36. Kf1 Rc1+ 37. Kg2 Ne5 38. Be4 h6 39. f4 Nd7 40.
Bd3 Rc7 41. Ra6+ Ke7 42. Ra3 Nf6 43. Kf3 Nd7 44. e4 e5 45. Bb5 exf4 46. gxf4 Nc5
47. Rc3 Ne6 48. Rd3 g5 49. f5 Nf4 50. Ra3 f6 51. Bf1 h5 52. Rb3 h4 53. Kg4 Kd6
54. Kf3 Ke5 55. Rb5+ Kd6 56. Ra5 Rc3+ 57. Kg4 Re3 58. Ra4 Ke5 59. Ba6 Rxe4 60.
Ra5+ Kd6 61. Kf3 Rb4 62. Bc8 Rb3+ 63. Kg4 Rb2 64. Ra6+ Ke5 65. Ra5+ Kd6 66. Ra6+
Ke7 67. Ra7+ Kd6 68. Ra6+ Ke5 69. Ra5+ Kd4 70. Ra6 Nd5 71. Be6 Ne3+ 72. Kh5 Rxh2
73. Bf7 Ke5 74. Re6+ Kf4 75. Rxf6 h3 76. Bg6 Rb2 77. Rd6 h2 78. Rd4+ Ke5 0-1

[Event "World Blitz Women 2025"]
[Site "Doha QAT"]
[Date "2025.12.30"]
[Round "14.32"]
[White "Nguyen Hong Anh"]
[Black "Charvi A"]
[Result "1/2-1/2"]
[WhiteTitle "WIM"]
[BlackTitle "WFM"]
[WhiteElo "2010"]
[BlackElo "2270"]
[WhiteFideId "12406732"]
[BlackFideId "25165518"]
[EventDate "2025.12.29"]

1. d4 Nf6 2. c4 g6 3. Nf3 Bg7 4. g3 O-O 5. Bg2 d6 6. O-O Nbd7 7. Nc3 e5 8. e4
exd4 9. Nxd4 Nc5 10. h3 Re8 11. Re1 a5 12. Qc2 Nfd7 13. Be3 Ne5 14. b3 Ne6 15.
Rad1 Nxd4 16. Bxd4 Nc6 17. Bxg7 Kxg7 18. Nd5 Ne5 19. Qc3 c6 20. Ne3 Qf6 21. Qd4
Bxh3 22. f4 Bxg2 23. Kxg2 Nd7 24. Qxd6 Qxd6 25. Rxd6 Nc5 26. e5 Rad8 27. Red1
Rxd6 28. Rxd6 Re7 29. Kf3 Re6 30. Rd8 f6 31. Ng4 fxe5 32. Nxe5 Re7 33. Ra8 Nd7
34. Rxa5 Nxe5+ 35. fxe5 Rd7 36. Ra7 Kf7 37. Ke4 Ke6 38. a4 Rf7 39. a5 Rf5 40.
Rxb7 Rxe5+ 41. Kd4 Rxa5 42. Rxh7 Rg5 43. Rh3 Kd6 44. Ke4 Rg4+ 45. Kf3 Rd4 46.
Rh6 Rd3+ 47. Kf4 Rxb3 48. Rxg6+ Kc5 49. Re6 Rc3 50. g4 Rxc4+ 51. Kf5 Kd5 52. Re1
Rc2 53. Rd1+ Kc5 54. g5 Rf2+ 55. Ke6 Rg2 56. Kf6 Kb4 57. Rb1+ Ka5 58. Rc1 Kb5
59. g6 c5 60. g7 c4 61. Kf7 Kb4 62. g8=Q Rxg8 63. Kxg8 c3 64. Kf7 Kb3 65. Ke6
Kb2 66. Rh1 c2 67. Kd5 c1=Q 68. Rxc1 Kxc1 69. Ke4 1/2-1/2

[Event "World Blitz Women 2025"]
[Site "Doha QAT"]
[Date "2025.12.30"]
[Round "14.33"]
[White "Khalilova, Madinabonu"]
[Black "Tan, Zhongyi"]
[Result "0-1"]
[WhiteTitle "WCM"]
[BlackTitle "GM"]
[WhiteElo "2241"]
[BlackElo "2524"]
[WhiteFideId "14223422"]
[BlackFideId "8603642"]
[EventDate "2025.12.29"]

1. d4 d5 2. c4 e6 3. Nf3 Nf6 4. g3 Bb4+ 5. Bd2 Be7 6. Bg2 O-O 7. O-O c6 8. Qc2
a5 9. a3 Nbd7 10. cxd5 exd5 11. Nc3 Bd6 12. Rae1 Re8 13. Bc1 Nb6 14. Nd2 Bg4 15.
e4 dxe4 16. Ndxe4 Nxe4 17. Nxe4 Bh5 18. Qb3 Bc7 19. Be3 a4 20. Qb4 Qc8 21. Nc5
h6 22. h3 Rb8 23. Nxa4 Nd5 24. Qd2 Nxe3 25. Rxe3 Bd6 26. Nb6 Qc7 27. Nc4 Bf8 28.
Rfe1 Rxe3 29. Rxe3 Rd8 30. Qc3 Qd7 31. Rd3 Qe6 32. Ne3 Bg6 33. Rd1 Be7 34. d5
cxd5 35. Rxd5 Rc8 36. Qd2 Bf6 37. Rd6 Qe5 38. Bxb7 Rb8 39. Ng4 Qf5 40. Nxf6+
gxf6 41. Rd8+ Rxd8 42. Qxd8+ Kg7 43. Qd2 Qxh3 44. Bg2 Qf5 45. b4 h5 46. Qd4 Qc2
47. Qe3 Bf5 48. b5 Qb1+ 49. Kh2 Qxb5 50. Qf3 Bg4 51. Qc3 Qa4 52. f3 Be6 53. Qb2
h4 54. g4 Qf4+ 55. Kh1 Qg3 56. Qe2 h3 57. Bf1 Bd5 58. Bxh3 Bxf3+ 0-1